Sinh học 10 nâng cao
Nội dung sách gồm ba phần: Giới thiệu chung về thế giới sống, sinh học tế bào và sinh học vi sinh vật.
Saved in:
| Main Author: | |
|---|---|
| Format: | Book |
| Language: | Undetermined |
| Published: |
Hà Nội
Giáo dục Việt Nam
2020
|
| Subjects: | |
| Tags: |
Add Tag
No Tags, Be the first to tag this record!
|
| Institutions: | Trung tâm Học liệu Trường Đại học Cần Thơ |
|---|
| LEADER | 00782nam a2200217Ia 4500 | ||
|---|---|---|---|
| 001 | CTU_236590 | ||
| 008 | 210402s9999 xx 000 0 und d | ||
| 020 | |c 15000 | ||
| 082 | |a 570.712 | ||
| 082 | |b V500 | ||
| 100 | |a Vũ, Văn Vụ | ||
| 245 | 0 | |a Sinh học 10 nâng cao | |
| 245 | 0 | |c Vũ Văn Vụ (Tổng chủ biên) | |
| 260 | |a Hà Nội | ||
| 260 | |b Giáo dục Việt Nam | ||
| 260 | |c 2020 | ||
| 520 | |a Nội dung sách gồm ba phần: Giới thiệu chung về thế giới sống, sinh học tế bào và sinh học vi sinh vật. | ||
| 650 | |a Biology,Sinh học | ||
| 650 | |x Study and teaching (Secondary),Dạy và học (Trung học) | ||
| 904 | |i Hải | ||
| 980 | |a Trung tâm Học liệu Trường Đại học Cần Thơ | ||